Catálogo público

Parasitoides del descortezador suriano de los pinos, Dendroctonus frontalis, Zimm. (Coleoptera : Scolytidae) en Tlaxiaco, Oaxaca, Méx. (Record no. 61449)

MARC details
000 -CABECERA
campo de control de longitud fija 01305cam a22003617a 4500
003 - IDENTIFICADOR DEL NÚMERO DE CONTROL
campo de control CHAP
005 - FECHA Y HORA DE LA ÚLTIMA TRANSACCIÓN
campo de control 20220329141025.0
008 - DATOS DE LONGITUD FIJA--INFORMACIÓN GENERAL
campo de control de longitud fija 971013s1996 r 00010 d
010 ## - NÚMERO DE CONTROL DE LA BIBLIOTECA DEL CONGRESO
Número de control de LC 61449
011 ## - ENLACE DEL NUMERO DE CONTROL DE LA BIBLIOTECA DEL CONGRESO [OBSOLETO]
Número de control de LC 62421
035 ## - NÚMERO DE CONTROL DEL SISTEMA
Número de control de sistema 66595
040 ## - FUENTE DE LA CATALOGACIÓN
Centro/agencia transcriptor CHAP
090 ## - LOCALMENTE ASIGNADO TIPO-LC NÚMERO DE CLASIFICACIÓN (OCLC); NÚMERO DE CLASIFICACIÓN LOCAL (RLIN)
Número de clasificación (OCLC) (R) ; Numero de clasificación, CALL (RLIN) (NR) Tesis
100 00 - ENTRADA PRINCIPAL--NOMBRE DE PERSONA
Nombre de persona Mercado Castro, Pablo.
9 (RLIN) 74891
245 #0 - MENCIÓN DE TÍTULO
Título Parasitoides del descortezador suriano de los pinos, Dendroctonus frontalis, Zimm. (Coleoptera : Scolytidae) en Tlaxiaco, Oaxaca, Méx.
260 ## - PUBLICACIÓN, DISTRIBUCIÓN, ETC.
Lugar de publicación, distribución, etc. Chapingo, Méx. :
Nombre del editor, distribuidor, etc. El autor,
Fecha de publicación, distribución, etc. 1996
300 ## - DESCRIPCIÓN FÍSICA
Extensión 66 h.
Otras características físicas : ilus.
502 ## - NOTA DE TESIS
Nota de tesis Tesis (Ing. Agr. Esp. en Parasitología Agrícola) -- UACH. Departamento de Parasitología Agrícola
590 ## - NOTA LOCAL (RLIN)
Nota local ALEPH
Procedencia (VM) [OBSOLETO] 10
Condición del los carretes individuales (VM) [OBSOLETO] 20130110
-- UCH01
-- 1342
590 ## - NOTA LOCAL (RLIN)
Nota local BATCH-UPD
Procedencia (VM) [OBSOLETO] 10
Condición del los carretes individuales (VM) [OBSOLETO] 20130110
-- UCH01
-- 0342
590 ## - NOTA LOCAL (RLIN)
Nota local BATCH-UPD
Procedencia (VM) [OBSOLETO] 10
Condición del los carretes individuales (VM) [OBSOLETO] 20130110
-- UCH01
-- 1751
590 ## - NOTA LOCAL (RLIN)
Nota local BATCH-UPD
Procedencia (VM) [OBSOLETO] 10
Condición del los carretes individuales (VM) [OBSOLETO] 20130410
-- UCH01
-- 0015
590 ## - NOTA LOCAL (RLIN)
Nota local BATCH-UPD
Procedencia (VM) [OBSOLETO] 10
Condición del los carretes individuales (VM) [OBSOLETO] 20130914
-- UCH01
-- 1141
590 ## - NOTA LOCAL (RLIN)
Nota local CONVERSION
Procedencia (VM) [OBSOLETO] 10
Condición del los carretes individuales (VM) [OBSOLETO] 20130109
-- UCH01
-- 1333
650 #4 - PUNTO DE ACCESO ADICIONAL DE MATERIA--TÉRMINO DE MATERIA
Término de materia o nombre geográfico como elemento de entrada Parasitoides.
9 (RLIN) 85467
650 14 - PUNTO DE ACCESO ADICIONAL DE MATERIA--TÉRMINO DE MATERIA
Término de materia o nombre geográfico como elemento de entrada Dendroctonus frontalis.
9 (RLIN) 31775
650 14 - PUNTO DE ACCESO ADICIONAL DE MATERIA--TÉRMINO DE MATERIA
Término de materia o nombre geográfico como elemento de entrada Pináceas
Subdivisión general Oaxaca.
9 (RLIN) 88256
650 14 - PUNTO DE ACCESO ADICIONAL DE MATERIA--TÉRMINO DE MATERIA
Término de materia o nombre geográfico como elemento de entrada Pináceas
Subdivisión general Plagas.
9 (RLIN) 88257
901 ## - ELEMENTOS DE DATOS A LOCAL LDA (RLIN)
a BK
942 ## - ELEMENTOS DE PUNTO DE ACCESO ADICIONAL (KOHA)
Tipo de ítem Koha Folleto
949 ## - PROCESAMIENTO DE INFORMACIÓN LOCAL (OCLC)
b BC
c TES
d -151814
e TS1
h 29889
i 66595
s i
949 ## - PROCESAMIENTO DE INFORMACIÓN LOCAL (OCLC)
b BC
c TES
d 33724000622643
e TS2
f c.2
h 29890
i 66595
s i
Holdings
Estado de retiro Estado de pérdida Fuente del sistema de clasificación o colocación Estado dañado Restricciones de uso No para préstamo Código de colección Localización permanente Ubicación/localización actual Ubicación en estantería Fecha de adquisición Información codificada de la localización en otra ubicación Total de préstamos Código de barras Fecha visto por última vez Número de copia Precio válido a partir de Tipo de ítem Koha Signatura topográfica completa
    Clasificación Universidad Autónoma de Chapingo   Préstamo 3 días   Tesis Biblioteca Central Biblioteca Central Planta alta - Área de Tesis - Tesis 31/12/2019 TESIS   33724000622643 31/12/2019 c.2 31/12/2019 Tesis  
    Clasificación Universidad Autónoma de Chapingo   Préstamo interno   Tesis Biblioteca Central Biblioteca Central Planta alta - Área de Tesis - Tesis 31/12/2019 TESIS   -151814 31/12/2019   31/12/2019 Tesis Tesis